000
00257nam a2200097 a 4500
005
20200930055821.0
008
110426s1983 000 spa d
245
0
_a
Varela : construcciones y composiciones.
260
_a
Santo Domingo,
_c
1983.
999
_c
29293
_d
29293
040
_a
DO-SdBNP